| 000 | 00987cam a2200337 4500 | ||
|---|---|---|---|
| 001 | a44373 | ||
| 003 | DO-SdBNP | ||
| 005 | 20171205132205.0 | ||
| 007 | a44373 | ||
| 008 | 090302s2009 mx a | |||| 001 0 spa | ||
| 015 | _a | ||
| 017 |
_a _b |
||
| 020 | _a9786071101693 | ||
| 035 | _a | ||
| 040 |
_aBPMSU _bspa _cBPMSU _e |
||
| 080 | _a | ||
| 082 |
_2 _a928.61 _bB462C |
||
| 245 | 1 | 0 |
_aMario Benedetti : _h _bun mito discretísimo ( Biografía) / _cHortensia Campanella |
| 260 |
_aMéxico : _bAlfaguara, _c2009 |
||
| 300 |
_a376 p. : _bil., retrs. _c24 cm |
||
| 500 | _aIncluye índice | ||
| 600 | 1 | 4 |
_aBENEDETTI, MARIO _d1920-2009 _2 |
| 650 | 4 |
_aAUTORES URUGUAYOS _vBIOGRAFÍAS |
|
| 650 | 4 | _aLITERATURA URUGUAYA | |
| 650 | 4 | _aAUTORES URUGUAYOS | |
| 700 | 1 | 2 |
_aCampanella, Hortensia _ecomp. |
| 910 | _aValidado. Control de calidad MFF | ||
| 942 |
_2ddc _cBK |
||
| 945 | _aInventariado extranjero / 2017 VM | ||
| 956 |
_aVMATEO _b10 _c20160708 _dBPMSU _f 00069 |
||
| 999 |
_c10782 _d10782 |
||